[Event "16th Spilimbergo Open 2018"]
[Site "Spilimbergo"]
[Date "2018.08.14"]
[Round "7.13"]
[White "Jobava, Baadur"]
[Black "Micottis, Dorian"]
[Result "1-0"]
[WhiteElo "2646"]
[BlackElo "2295"]
[Annotator "TA"]
[PlyCount "97"]
[EventDate "2018.08.10"]
[EventType "swiss"]
[EventCountry "ITA"]
[SourceTitle "playchess.com"]
[Source "ChessBase"]
[SourceQuality "1"]

{[%evp 9,97,10,24,0,-10,-13,0,0,0,0,0,-4,-4,-18,-20,-42,-4,-23,16,0,10,6,10,3,2,-38,29,29,38,34,38,35,38,29,29,29,25,25,62,64,70,33,38,33,45,47,81,82,90,95,151,139,214,212,245,215,234,242,297,265,308,304,329,354,272,270,256,270,272,266,272,261,277,268,260,207,207,207,207,207,207,207,852,844,785,776,748,729,691,686]} 1. d4 Nf6 2. Bg5 Ne4 3. Bf4 c5 4. f3 Qa5+ 5. c3 Nf6 $1 {LiveBook: 1541 Games} 6. e3 {A45: Trompowsky Attack} (6. Nd2 cxd4 7. Nb3 Qb6 8. Qxd4 Nc6 9. Qxb6 axb6 10. Nd4 Ra5 11. b4 Ra4 12. e4 Nxd4 13. cxd4 e6 14. Bb5 Rxb4 15. a4 Rxd4 16. Ne2 Rb4 17. Kd2 Bc5 18. Kc2 {½-½ (40) Romanov,E (2619)-Svidler,P (2760) Sochi 2018}) 6... Nd5 7. Ne2 Nxf4 8. Nxf4 {The position is equal.} cxd4 9. exd4 d5 $146 ({Predecessor:} 9... e6 10. Nd2 Qc7 11. Nd3 Be7 12. Be2 d6 13. O-O Nd7 {0-1 (33) Garcia Rodriguez,I (2019)-Hansen,T (2463) Bilbao 2016}) 10. Bd3 e6 11. Qd2 Nd7 12. Qe3 Be7 13. Nd2 Nf6 14. h4 h6 15. g4 Qc7 16. O-O-O Bd6 17. Bb5+ (17. Ne2 {is more complex.} Bd7 18. h5 O-O-O 19. Rdg1 a5 20. f4) 17... Bd7 ({Better is} 17... Kf8 $15 18. Ne2 Qa5) 18. Bxd7+ $11 Kxd7 19. Nd3 Rae8 20. h5 Kc8 21. Ne5 Bxe5 22. dxe5 Nd7 23. f4 f6 24. exf6 gxf6 25. Nf3 Qb6 26. Qxb6 Nxb6 27. g5 hxg5 28. fxg5 fxg5 29. Nxg5 {Strongly threatening Nf7.} Re7 (29... Kd7 $142) 30. h6 Nd7 {[#]} (30... Kd7 $16 {was called for.} 31. b3 Nc8) 31. Rdf1 $1 $18 Ne5 32. Rf6 Kd7 {intending ...Ng4.} 33. h7 b5 34. Kc2 a5 35. Re1 Kd6 {If only Black now had time for ...Rhxh7....} 36. Rh6 Ree8 37. Re2 Re7 38. a3 a4 39. Re3 Ree8 40. Re1 Re7 41. Re2 Ree8 42. Rh5 Rhf8 {[#]} 43. Nxe6 $1 {[%mdl 512]} Rxe6 (43... Kxe6 44. Rhxe5+) 44. h8=Q Rxh8 45. Rxh8 Nd7 $2 (45... Nc6) 46. Rxe6+ {White is clearly winning.} Kxe6 47. Rh6+ Ke5 48. Ra6 Kf5 49. Rd6 {Precision: White = 60%, Black = 50%.} 1-0

[Event "16th Spilimbergo Open 2018"]
[Site "Spilimbergo"]
[Date "2018.08.14"]
[Round "7.14"]
[White "Mesaros, Florian"]
[Black "Di Benedetto, Desiree"]
[Result "1-0"]
[WhiteElo "2422"]
[BlackElo "2295"]
[Annotator "ChessBase"]
[PlyCount "81"]
[EventDate "2018.08.10"]
[EventType "swiss"]
[EventCountry "ITA"]
[SourceTitle "playchess.com"]
[Source "ChessBase"]
[SourceQuality "1"]
[TimeControl "5400+30"]

1. Nf3 {[%emt 0:01:30]} d5 {[%emt 0:00:30]} 2. g3 {[%emt 0:00:30]} Nf6 {[%emt 0:02:30]} 3. Bg2 {[%emt 0:00:30]} Bf5 {[%emt 0:04:30]} 4. d3 {[%emt 0:03:30]} e6 {[%emt 0:02:30]} 5. O-O {[%emt 0:00:30]} Be7 {[%emt 0:00:30]} 6. Nbd2 {[%emt 0:13:30]} O-O {[%emt 0:03:30]} 7. Qe1 {[%emt 0:00:30]} h6 {[%emt 0:07:30]} 8. e4 {[%emt 0:06:30]} Bh7 {[%emt 0:01:30]} 9. Qe2 {[%emt 0:07:30]} c6 {[%emt 0:07:30]} 10. Re1 {[%emt 0:00:30]} Na6 {[%emt 0:05:30]} 11. e5 {[%emt 0:00:30]} Nd7 {[%emt 0:00:30]} 12. Nf1 {[%emt 0:00:30]} c5 {[%emt 0:03:30]} 13. h4 {[%emt 0:15:30]} Rc8 {[%emt 0:15:30]} 14. Bf4 {[%emt 0:06:30]} Nb4 {[%emt 0:10:30]} 15. Qd2 {[%emt 0:08:30]} b5 {[%emt 0:04:30]} 16. a3 {[%emt 0:07:30]} Nc6 {[%emt 0:01:30]} 17. h5 {[%emt 0:00:30]} c4 {[%emt 0:02:30]} 18. d4 {[%emt 0:04:34]} c3 {[%emt 0:04:48]} 19. bxc3 {[%emt 0:00:52]} Nb6 {[%emt 0:01:55]} 20. Ne3 {[%emt 0:06:05]} Na5 {[%emt 0:01:01]} 21. Ng4 {[%emt 0:00:13]} Kh8 {[%emt 0:04:49]} 22. Bf1 {[%emt 0:04:51]} Nac4 {[%emt 0:00:51]} 23. Qc1 {[%emt 0:00:25]} Bf5 {[%emt 0:04:15]} 24. Nfh2 {[%emt 0:03:51]} Bg5 {[%emt 0:02:40]} 25. Bd3 {[%emt 0:01:29]} Na4 {[%emt 0:02:20]} 26. Nf3 {[%emt 0:05:01]} Bxg4 {[%emt 0:01:33]} 27. Nxg5 {[%emt 0:00:02]} hxg5 {[%emt 0:00:31]} 28. Bxg5 {[%emt 0:00:01]} f6 {[%emt 0:02:38]} 29. Bh4 {[%emt 0:02:02]} Qe7 {[%emt 0:01:57]} 30. exf6 {[%emt 0:00:23]} gxf6 {[%emt 0:00:31]} 31. Qf4 {[%emt 0:00:11]} Bh3 {[%emt 0:00:31]} 32. Kh2 {[%emt 0:00:45]} e5 {[%emt 0:00:36]} 33. dxe5 {[%emt 0:00:38]} Nxe5 {[%emt 0:00:31]} 34. Rxe5 {[%emt 0:00:09]} Qg7 {[%emt 0:00:20]} 35. Rxd5 {[%emt 0:00:49]} Be6 {[%emt 0:00:21]} 36. Rd6 {[%emt 0:00:06]} Nc5 {[%emt 0:00:29]} 37. Re1 {[%emt 0:00:30]} Qf7 {[%emt 0:00:46]} 38. Rdxe6 {[%emt 0:00:34]} Nxe6 {[%emt 0:00:11]} 39. Rxe6 {[%emt 0:00:07]} Kg7 {[%emt 0:00:32]} 40. Bxf6+ {[%emt 0:00:14]} Kg8 {[%emt 0:00:14]} 41. Qg5+ {[%emt 0:00:07]} 1-0

[Event "16th Spilimbergo Open 2018"]
[Site "Spilimbergo"]
[Date "2018.08.14"]
[Round "7.15"]
[White "Solomon, Kenny"]
[Black "Olivetti, Davide"]
[Result "1-0"]
[WhiteElo "2395"]
[BlackElo "2234"]
[Annotator "TA"]
[PlyCount "101"]
[EventDate "2018.08.10"]
[EventType "swiss"]
[EventCountry "ITA"]
[SourceTitle "playchess.com"]
[Source "ChessBase"]
[SourceQuality "1"]

{[%evp 10,101,1,0,33,27,43,20,64,64,74,58,71,68,79,91,85,75,58,66,79,76,96,99,96,96,96,94,163,164,323,312,316,308,294,183,169,180,193,184,183,179,165,85,544,544,516,513,500,102,420,67,202,189,189,189,189,159,148,153,146,141,145,139,175,180,207,197,235,223,252,242,254,254,254,255,412,397,712,718,643,618,12841,12842,12843,12843,12844,12844,29990,29991,29991,1706,29992,29992]} 1. d4 Nf6 2. Nf3 g6 3. Bg5 Bg7 4. Nbd2 O-O 5. c3 d5 6. e3 {LiveBook: 935 Games} Nc6 {D03: 1 d4 d5 2 Nf3 Nf6 3 Bg5, including Torre Attack with early ...d5} (6... c5 7. dxc5 Nbd7 8. b4 a5 9. Nd4 h6 10. Bh4 Ne4 11. Nxe4 dxe4 12. Be2 Ne5 13. O-O Nd3 14. a3 axb4 15. axb4 Rxa1 16. Qxa1 {½-½ (50) Mamedyarov,S (2808)-Grischuk,A (2766) Paris 2018}) 7. Bb5 Bd7 8. O-O Ne4 $146 {The position is equal.} ({Predecessor:} 8... Qe8 9. Bd3 e5 10. e4 exd4 11. Re1 Qe6 12. e5 Ne4 13. Bxe4 dxc3 14. bxc3 dxe4 15. Nxe4 Nxe5 16. Nxe5 Bxe5 17. Nf6+ {1-0 (17) Hando,V (2234)-Balogh,P (2005) Eger 2008}) 9. Nxe4 dxe4 10. Nd2 h6 11. Bh4 $1 g5 12. Bg3 f5 13. Bc4+ Kh8 14. f3 f4 15. Bf2 exf3 16. Nxf3 (16. Qxf3 $6 e5 $11) 16... e5 17. Nxe5 Nxe5 18. dxe5 {[%cal Bd4e5,Be5e6][%mdl 32]} f3 (18... Qe7 $16) 19. Bg3 $1 $18 (19. gxf3 $6 Bh3 $14) 19... fxg2 $2 (19... Bg4 20. Qd4 (20. gxf3 Bxf3 21. Qxd8 Raxd8 $16) 20... Qc8) 20. Rxf8+ (20. Kxg2 Rxf1 21. Qxf1 Qe7 $14) 20... Bxf8 21. Qd5 {[%csl Gc4][%cal Rd5g8]} (21. Kxg2 Bc6+ 22. Kg1 Qxd1+ 23. Rxd1 Bc5 $16) 21... Be7 {intending ...Bc6.} 22. e6 ({Don't play} 22. Qxg2 $6 Bc5 $18) 22... Bc6 23. Qf5 $1 Bf6 24. Be5 Bxe5 25. Qxe5+ Kh7 26. Bb3 (26. Qf5+ $18 Kh8 27. Qe5+ Kh7 28. e4) 26... Qd3 $2 {[%mdl 8192]} (26... Qe7 $16) 27. Qxc7+ Kh8 {[%cal Rd3e3]} 28. Qe5+ Kh7 {[#] ( -> ...Rf8)} 29. Qd4 $2 (29. e7 $1 $18 {and the rest is easy.} Qg6 30. Rc1) 29... Qe2 $2 {[%mdl 8192] [#]} (29... Qf5 $16 {is tougher.} 30. e4 Qf3) 30. Bc4 $2 (30. e7 $1 $18) 30... Qxb2 ({Black should play} 30... Qf3 $1 $14) 31. Bd3+ Kg8 32. Rb1 Qa3 33. Bg6 Rf8 34. Bf7+ $1 $40 {[%mdl 128] Black is in trouble.} Rxf7 35. exf7+ Kxf7 $16 {[%mdl 4096] Endgame KQR-KQB} 36. Qc4+ Kg7 37. e4 Qe7 38. Qd4+ Kg6 39. Re1 ({Less strong is} 39. Qxa7 Qxe4 40. Ra1 (40. Qb6 Qd3 $11) 40... Qe2 $14) 39... Qe6 40. Qxa7 h5 41. Qf2 h4 42. Qxg2 h3 $2 (42... Qe5 {was worth a try.} 43. Qf3 Kh6) 43. Qf3 $18 Qxa2 $2 (43... Bd5 44. Re3 Bxa2 45. Qxh3 Qf6) 44. Qf5+ Kh6 45. Qxh3+ Kg6 46. Qf5+ Kh6 47. Rd1 {Intending Rd6+ and mate.} Qa7+ 48. Kg2 {Threatening mate with Rd6+.} Qa3 49. Qf6+ Kh5 50. Kg3 (50. Rd8 $142 Bxe4+ 51. Kg3 Bh7 52. Rh8 Qxc3+ 53. Qxc3 Kg6 54. Rf8 Bg8 55. Qf6+ Kh7 56. Kg4 b6 57. Kxg5 Bd5 58. Rh8#) 50... Bxe4 51. Rd6 {Precision: White = 60%, Black = 27%.} 1-0

[Event "16th Spilimbergo Open 2018"]
[Site "Spilimbergo"]
[Date "2018.08.14"]
[Round "7.16"]
[White "Montilli, Vincenzo"]
[Black "Beletic, Daniel"]
[Result "1/2-1/2"]
[WhiteElo "2262"]
[BlackElo "2374"]
[Annotator "ChessBase"]
[PlyCount "107"]
[EventDate "2018.08.10"]
[EventType "swiss"]
[EventCountry "ITA"]
[SourceTitle "playchess.com"]
[Source "ChessBase"]
[SourceQuality "1"]
[TimeControl "5400+30"]

1. c4 {[%emt 0:03:30]} e5 {[%emt 0:00:30]} 2. g3 {[%emt 0:00:30]} d6 {[%emt 0:00:30]} 3. Bg2 {[%emt 0:00:30]} f5 {[%emt 0:00:30]} 4. Nc3 {[%emt 0:00:30]} Nf6 {[%emt 0:00:30]} 5. e3 {[%emt 0:00:30]} Be7 {[%emt 0:00:30]} 6. Nge2 {[%emt 0:00:30]} O-O {[%emt 0:01:30]} 7. O-O {[%emt 0:00:30]} c6 {[%emt 0:00:30]} 8. d3 {[%emt 0:07:30]} Na6 {[%emt 0:05:30]} 9. Rb1 {[%emt 0:11:30]} d5 {[%emt 0:15:30]} 10. a3 {[%emt 0:05:30]} dxc4 {[%emt 0:04:30]} 11. dxc4 {[%emt 0:00:30]} Qe8 {[%emt 0:05:30]} 12. b4 {[%emt 0:05:30]} Be6 {[%emt 0:02:30]} 13. c5 {[%emt 0:10:30]} Qh5 {[%emt 0:06:30]} 14. f3 {[%emt 0:08:30]} Kh8 {[%emt 0:05:30]} 15. Qc2 {[%emt 0:06:30]} Rad8 {[%emt 0:04:30]} 16. Bb2 {[%emt 0:08:30]} Qh6 {[%emt 0:03:30]} 17. Nd1 {[%emt 0:02:30]} Nc7 {[%emt 0:19:30]} 18. Bxe5 {[%emt 0:06:19]} Rxd1 {[%emt 0:01:30]} 19. Bf4 {[%emt 0:00:25]} Rxf1+ {[%emt 0:04:21]} 20. Rxf1 {[%emt 0:00:20]} g5 {[%emt 0:01:16]} 21. Bxc7 {[%emt 0:00:08]} Nd5 {[%emt 0:00:57]} 22. Be5+ {[%emt 0:03:07]} Kg8 {[%emt 0:00:02]} 23. Qc1 {[%emt 0:02:12]} a5 {[%emt 0:00:53]} 24. Nc3 {[%emt 0:03:10]} axb4 {[%emt 0:00:35]} 25. Nxd5 {[%emt 0:00:35]} Bxd5 {[%emt 0:00:04]} 26. axb4 {[%emt 0:00:30]} Qe6 {[%emt 0:00:13]} 27. Qc3 {[%emt 0:02:02]} Re8 {[%emt 0:00:16]} 28. e4 {[%emt 0:02:38]} Ba2 {[%emt 0:02:02]} 29. Bh8 {[%emt 0:07:55]} Bf8 {[%emt 0:00:09]} 30. Rd1 {[%emt 0:00:53]} fxe4 {[%emt 0:00:15]} 31. fxe4 {[%emt 0:00:36]} Qb3 {[%emt 0:00:24]} 32. Rf1 {[%emt 0:00:49]} Qxc3 {[%emt 0:00:16]} 33. Bxc3 {[%emt 0:00:03]} Bg7 {[%emt 0:00:26]} 34. Bxg7 {[%emt 0:00:56]} Kxg7 {[%emt 0:00:01]} 35. Rd1 {[%emt 0:00:29]} Be6 {[%emt 0:00:13]} 36. e5 {[%emt 0:00:44]} Ra8 {[%emt 0:00:10]} 37. Rb1 {[%emt 0:00:34]} Ra2 {[%emt 0:00:50]} 38. b5 {[%emt 0:00:29]} Ra5 {[%emt 0:02:51]} 39. bxc6 {[%emt 0:00:10]} bxc6 {[%emt 0:00:01]} 40. Rc1 {[%emt 0:00:23]} Bd7 {[%emt 0:01:04]} 41. Be4 {[%emt 0:00:51]} h6 {[%emt 0:00:10]} 42. Kf2 {[%emt 0:00:18]} Kf7 {[%emt 0:00:18]} 43. Rd1 {[%emt 0:00:45]} Ke7 {[%emt 0:00:19]} 44. Rd6 {[%emt 0:00:24]} Rxc5 {[%emt 0:01:37]} 45. Rxh6 {[%emt 0:00:25]} Rxe5 {[%emt 0:00:11]} 46. Bxc6 {[%emt 0:00:22]} Bg4 {[%emt 0:00:59]} 47. h3 {[%emt 0:00:40]} Re2+ {[%emt 0:01:30]} 48. Kf1 {[%emt 0:00:15]} Re6 {[%emt 0:00:03]} 49. Rh7+ {[%emt 0:00:50]} Kd6 {[%emt 0:00:05]} 50. hxg4 {[%emt 0:00:27]} Kxc6 {[%emt 0:00:08]} 51. Rf7 {[%emt 0:00:36]} Kd6 {[%emt 0:01:34]} 52. Kf2 {[%emt 0:00:19]} Re5 {[%emt 0:00:35]} 53. Kf3 {[%emt 0:00:32]} Ke6 {[%emt 0:00:25]} 54. Rf8 {[%emt 0:00:12]} 1/2-1/2

[Event "16th Spilimbergo Open 2018"]
[Site "Spilimbergo"]
[Date "2018.08.14"]
[Round "8.1"]
[White "Dreev, Aleksey"]
[Black "Skoberne, Jure"]
[Result "1-0"]
[WhiteElo "2635"]
[BlackElo "2575"]
[Annotator "TA"]
[PlyCount "125"]
[EventDate "2018.08.10"]
[EventType "swiss"]
[EventCountry "ITA"]
[SourceTitle "playchess.com"]
[Source "ChessBase"]
[SourceQuality "1"]

{[%evp 18,125,64,77,91,94,90,107,96,82,106,67,75,11,0,0,109,101,107,70,74,77,73,74,78,83,79,60,58,49,61,1,41,28,19,0,0,0,62,62,62,59,117,117,117,96,104,105,117,117,114,114,113,106,112,110,118,110,117,97,112,100,159,62,62,34,62,14,137,126,114,120,60,111,292,117,110,110,273,110,110,109,108,101,110,107,96,125,98,0,0,0,40,0,87,0,8,0,9,19,1640,1457,29956,12791,11816,11819,11578,11819,5413,5413]} 1. d4 Nf6 2. Nf3 g6 3. g3 Bg7 4. Bg2 O-O 5. O-O d6 6. b3 c5 7. c4 Nc6 8. Bb2 Ne4 9. e3 Qa5 {E60: Königsindisch (ohne Sc3)} (9... f5 10. Nbd2 e5 11. dxe5 Nxd2 12. Qxd2 dxe5 13. Qd5+ Qxd5 14. cxd5 Nb4 15. Nxe5 Re8 16. Nc4 Bxb2 17. Nxb2 b6 18. a3 {1-0 (38) Wojtaszek,R (2736)-Sadzikowski,D (2584) Katowice 2017}) 10. Qc1 {LiveBook: 4 Partien} f5 $146 ({Vorgänger:} 10... Rb8 11. d5 Bxb2 12. Qxb2 Nd8 13. Ne1 f5 14. a4 Nf7 15. Nd3 Bd7 16. f3 Nf6 17. Nd2 {0-1 (56) Kilgus,G (2415)-Rubil,M (2251) Austria 2017}) 11. d5 Ne5 {Weiß steht besser.} 12. Nxe5 dxe5 13. f4 Qc7 14. Bxe4 fxe4 15. Nd2 (15. Nc3 $16) 15... Bf5 $1 $11 16. Qc3 {[%cal Rf4e5]} b5 (16... Qd7 $11) 17. cxb5 $16 {Und Dc4 würde nun gewinnen.} Rad8 18. Qc4 Qd6 19. Nxe4 Qxd5 20. Nxc5 Qxc4 21. bxc4 Rc8 22. Nb3 {Sa5 ist eine echte Drohung.} Bd3 23. Rfd1 (23. Rfc1 {feels hotter.} Bxc4 24. Bxe5 Bxe5 25. fxe5 Bxb5 26. Nd4) 23... Bxc4 24. Rac1 (24. Bxe5 $14 Bxe5 25. fxe5) 24... Bxb5 (24... exf4 $5 {[%cal Rg7b2]} 25. Bxg7 Kxg7 26. exf4 Bxb5 $11) 25. Rxc8 Rxc8 26. Bxe5 Bxe5 27. fxe5 $11 {[%mdl 4096] Endspiel KTL-KTS} Ba4 (27... a6 $11) 28. Rc1 $1 $14 {[%cal Rc1c8]} Rxc1+ 29. Nxc1 {KL-KS} Kf7 (29... Bc2 $14) 30. Nd3 $1 $16 Bb5 31. Nc5 Bc4 32. a3 Ke8 33. Kf2 Kd8 34. Kf3 Kc7 35. Ke4 $1 Kc6 36. Kd4 Ba2 37. Ne4 h6 38. Nc3 Bb3 39. h4 a5 (39... a6 $142) 40. Ne2 (40. e4 $1 $16) 40... g5 $14 41. hxg5 hxg5 42. Nc3 Be6 (42... Bg8 $1 $11 {bleibt in der Remisbreite.}) 43. Ne4 $16 g4 44. Nc3 $1 Bb3 ({Lieber} 44... Bg8 $16 45. e4 Bf7) 45. e4 $14 e6 $2 (45... Bf7 $16 46. Nd5 e6) 46. Ne2 (46. Nb1 $1 $18) 46... Kb5 $16 47. Kc3 $1 {[%cal Rc3b3]} Ba2 48. Nf4 (48. Kc2 $1 $18 {ist der präzise Gewinnweg.}) 48... Ka4 49. Kb2 Bc4 50. Nh5 {Droht Sf4 und aus.} Be2 51. Ng7 $1 {[%cal Rg7e6]} Bc4 52. Ne8 $1 Be2 53. Ng7 (53. Nd6 $16) 53... Bc4 $11 54. Nh5 Be2 $1 55. Nf4 Bc4 56. Kc3 ({Besser ist} 56. Ng6 $16) 56... Ba2 57. Ng2 {zielt auf Kb2 ab.} Kxa3 58. Ne3 Bb1 $2 {[%mdl 8192]} (58... Bb3 $11) 59. Nc4+ $1 $18 Ka4 {[#]} 60. Nd2 $1 {[%cal Rd2b1]} Ba2 {Weiß steht klar auf Gewinn.} 61. Kb2 Kb4 62. Kxa2 Kc3 {[#]} 63. Nb3 $1 {Precision: Weiß = 56%, Schwarz = 48%.} 1-0

[Event "16th Spilimbergo Open 2018"]
[Site "Spilimbergo"]
[Date "2018.08.14"]
[Round "8.2"]
[White "Bosiocic, Marin"]
[Black "Borisek, Jure"]
[Result "1-0"]
[WhiteElo "2590"]
[BlackElo "2576"]
[Annotator "ChessBase"]
[PlyCount "75"]
[EventDate "2018.08.10"]
[EventType "swiss"]
[EventCountry "ITA"]
[SourceTitle "playchess.com"]
[Source "ChessBase"]
[SourceQuality "1"]
[TimeControl "5400+30"]

1. e4 {[%emt 0:00:30]} e5 {[%emt 0:00:30]} 2. Nf3 {[%emt 0:00:00]} Nc6 {[%emt 0:00:00]} 3. Bb5 {[%emt 0:00:00]} a6 {[%emt 0:00:00]} 4. Ba4 {[%emt 0:00:00]} Nf6 {[%emt 0:00:30]} 5. O-O {[%emt 0:00:00]} Be7 {[%emt 0:00:00]} 6. Re1 {[%emt 0:00:30]} b5 {[%emt 0:00:00]} 7. Bb3 {[%emt 0:00:00]} d6 {[%emt 0:00:00]} 8. c3 {[%emt 0:00:00]} O-O {[%emt 0:00:00]} 9. h3 {[%emt 0:00:00]} Bb7 {[%emt 0:00:30]} 10. d4 {[%emt 0:00:00]} Re8 {[%emt 0:00:30]} 11. Nbd2 {[%emt 0:00:30]} exd4 {[%emt 0:00:00]} 12. cxd4 {[%emt 0:00:00]} Nd7 {[%emt 0:00:00]} 13. Nf1 {[%emt 0:00:00]} Na5 {[%emt 0:00:00]} 14. Bc2 {[%emt 0:00:30]} Bf6 {[%emt 0:00:00]} 15. Ng3 {[%emt 0:00:00]} g6 {[%emt 0:00:30]} 16. Rb1 {[%emt 0:00:00]} c5 {[%emt 0:00:00]} 17. d5 {[%emt 0:00:30]} Nc4 {[%emt 0:00:00]} 18. Nh2 {[%emt 0:00:30]} Bg7 {[%emt 0:00:30]} 19. b3 {[%emt 0:00:30]} Ncb6 {[%emt 0:00:30]} 20. Ng4 {[%emt 0:01:30]} Ne5 {[%emt 0:00:00]} 21. Ne3 {[%emt 0:01:30]} a5 {[%emt 0:01:00]} 22. f4 {[%emt 0:07:30]} Ned7 {[%emt 0:00:30]} 23. Qf3 {[%emt 0:02:30]} Bc8 {[%emt 0:05:30]} 24. Bb2 {[%emt 0:05:30]} Bxb2 {[%emt 0:02:30]} 25. Rxb2 {[%emt 0:00:30]} b4 {[%emt 0:12:30]} 26. Bd3 {[%emt 0:04:30]} a4 {[%emt 0:00:30]} 27. Bb5 {[%emt 0:02:30]} axb3 {[%emt 0:00:30]} 28. axb3 {[%emt 0:00:30]} Ra3 {[%emt 0:18:30]} 29. Bxd7 {[%emt 0:09:30]} Bxd7 {[%emt 0:01:30]} 30. f5 {[%emt 0:01:30]} Kh8 {[%emt 0:09:30]} 31. Rbb1 {[%emt 0:20:30]} Bb5 {[%emt 0:05:30]} 32. e5 {[%emt 0:07:30]} Rxe5 {[%emt 0:11:30]} 33. Ng4 {[%emt 0:00:30]} Rxe1+ {[%emt 0:00:30]} 34. Rxe1 {[%emt 0:00:30]} Ra7 {[%emt 0:00:30]} 35. fxg6 {[%emt 0:07:30]} fxg6 {[%emt 0:01:30]} 36. Ne4 {[%emt 0:04:30]} Qe7 {[%emt 0:08:30]} 37. Qg3 {[%emt 0:05:30]} Ra2 {[%emt 0:01:30]} 38. Nc3 {[%emt 0:01:31]} 1-0

[Event "16th Spilimbergo Open 2018"]
[Site "Spilimbergo"]
[Date "2018.08.14"]
[Round "8.3"]
[White "Morozov, Nichita"]
[Black "Bacrot, Etienne"]
[Result "1-0"]
[WhiteElo "2438"]
[BlackElo "2699"]
[Annotator "TA"]
[PlyCount "90"]
[EventDate "2018.08.10"]
[EventType "swiss"]
[EventCountry "ITA"]
[SourceTitle "playchess.com"]
[Source "ChessBase"]
[SourceQuality "1"]

{[%evp 9,90,-2,1,-21,-8,-20,-15,-21,-2,-6,0,-10,20,-19,-9,-56,0,0,0,0,-7,-79,-72,-66,-70,-87,-91,-73,-75,-85,-45,-104,-104,-104,-98,-120,-117,-127,-118,-152,-152,-157,-155,-160,-159,-188,-184,-207,-189,-200,-158,-160,-119,-144,-152,-264,-265,-280,-262,-440,-447,-538,-372,-354,-381,-379,-378,-498,-460,-578,-579,-864,-847,-823,-814,-1185,0,-408,0,0,102,96,171]} 1. d4 Nf6 2. Bg5 e6 3. e3 h6 4. Bh4 b6 (4... d6 5. Nd2 Nbd7 6. c3 Be7 7. Bd3 O-O 8. f4 e5 9. fxe5 dxe5 10. Ngf3 Ng4 11. Bf2 Nxf2 12. Kxf2 {1-0 (42) Andreikin,D (2705)-Alekseev,E (2622) Sochi 2017}) 5. Bd3 Bb7 6. f3 {A45: Trompowsky Attack} d5 7. Nd2 c5 $146 ({Predecessor:} 7... Nbd7 8. f4 Be7 9. Bxf6 Bxf6 10. c3 c5 11. Ngf3 O-O {½-½ (31) Heinemann,T-Meier,V (2225) Germany 1989}) 8. c3 {The position is equal.} g5 9. Bf2 Nc6 10. Ne2 Bg7 11. Ng3 Qc7 12. a3 Ne7 (12... O-O-O $15) 13. h4 O-O-O 14. b4 c4 15. Be2 (15. Bc2 $11 {keeps the balance.}) 15... Ng6 $17 16. h5 Nh4 17. Bf1 Nf5 18. Nxf5 exf5 19. Qc2 Qd7 20. Kd1 (20. Be2 $15) 20... Rde8 21. g3 Kb8 $36 {[%mdl 2048] White is under strong pressure.} 22. Bh3 g4 23. Bg2 gxf3 24. Bxf3 Bf8 25. Kc1 Bd6 26. Kb2 Rhg8 27. a4 Bxg3 28. Bg1 Bc7 29. Rf1 Rg5 30. Bd1 Ne4 31. Nf3 Ng3 32. Nxg5 (32. Bh2 $17 Nxf1 33. Rxf1) 32... Nxf1 $19 33. Nh7 {[#] Strongly threatening Nf6.} Qe6 ({Much less strong is} 33... Nxe3 34. Nf6 $17) 34. Qg2 $2 (34. Bf2 Nxe3 35. Bxe3 Qxe3 36. Rf1) 34... Ng3 35. Rh3 Ne4 36. Bh2 {[#]} f4 $1 {[%mdl 512]} 37. Rf3 (37. exf4 Qc8) 37... Qf5 38. Qg7 {[%cal Rh2f4]} Qxh5 39. Bxf4 Bxf4 40. exf4 {If White can now play Nf6 this consolidates a bit.} Qh2+ 41. Bc2 Qe2 42. Qxf7 Nd6 $2 (42... Bc6 $19 43. Nf6 Nxf6 44. Qxf6 Bxa4 45. Qd6+ Kc8) 43. Qh5 $2 {[%mdl 8192]} (43. Qd7 $11 {and White has nothing to worry.} Qxf3 44. Nf6) 43... Qg2 $2 (43... Bc8 $19 {White must now prevent ...Bf5.} 44. Qxh6 Kc7 45. Qg7+ Re7) 44. Qh3 $11 Qg7 (44... Re2 $11 {remains equal.} 45. Qxg2 Rxg2) 45. Rg3 $16 Qc7 {Precision: White = 32%, Black = 58%.} (45... Qf7 $16 {was called for.}) 1-0

[Event "16th Spilimbergo Open 2018"]
[Site "Spilimbergo"]
[Date "2018.08.14"]
[Round "8.4"]
[White "Nisipeanu, Liviu-Dieter"]
[Black "Krysa, Leandro"]
[Result "1-0"]
[WhiteElo "2657"]
[BlackElo "2523"]
[Annotator "ChessBase"]
[PlyCount "83"]
[EventDate "2018.08.10"]
[EventType "swiss"]
[EventCountry "ITA"]
[SourceTitle "playchess.com"]
[Source "ChessBase"]
[SourceQuality "1"]
[TimeControl "5400+30"]

1. e4 {[%emt 0:00:30]} e5 {[%emt 0:00:30]} 2. Nf3 {[%emt 0:00:00]} Nc6 {[%emt 0:00:00]} 3. Bb5 {[%emt 0:00:00]} Nf6 {[%emt 0:00:00]} 4. d3 {[%emt 0:00:30]} Bc5 {[%emt 0:00:00]} 5. Bxc6 {[%emt 0:00:00]} dxc6 {[%emt 0:00:00]} 6. Nbd2 {[%emt 0:00:00]} O-O {[%emt 0:00:30]} 7. O-O {[%emt 0:00:00]} Nd7 {[%emt 0:01:30]} 8. Nc4 {[%emt 0:00:00]} Re8 {[%emt 0:00:30]} 9. Kh1 {[%emt 0:00:30]} f6 {[%emt 0:09:30]} 10. Nh4 {[%emt 0:03:30]} Nf8 {[%emt 0:00:30]} 11. Be3 {[%emt 0:04:30]} Qe7 {[%emt 0:10:30]} 12. Bxc5 {[%emt 0:19:30]} Qxc5 {[%emt 0:00:00]} 13. Ne3 {[%emt 0:00:30]} Be6 {[%emt 0:08:00]} 14. g3 {[%emt 0:00:30]} a5 {[%emt 0:07:30]} 15. a4 {[%emt 0:04:30]} Rad8 {[%emt 0:01:30]} 16. Qe2 {[%emt 0:00:30]} Bf7 {[%emt 0:09:30]} 17. f4 {[%emt 0:05:30]} Ne6 {[%emt 0:03:30]} 18. Qf2 {[%emt 0:06:30]} Nd4 {[%emt 0:03:30]} 19. Nf3 {[%emt 0:04:30]} Bh5 {[%emt 0:18:30]} 20. g4 {[%emt 0:06:30]} Bg6 {[%emt 0:07:52]} 21. f5 {[%emt 0:02:30]} Bf7 {[%emt 0:00:22]} 22. Nxd4 {[%emt 0:04:30]} Qxd4 {[%emt 0:02:27]} 23. b3 {[%emt 0:01:30]} h6 {[%emt 0:03:19]} 24. h4 {[%emt 0:03:30]} Kf8 {[%emt 0:01:07]} 25. Kg2 {[%emt 0:02:30]} Ke7 {[%emt 0:00:54]} 26. g5 {[%emt 0:05:30]} Rh8 {[%emt 0:02:04]} 27. Rh1 {[%emt 0:03:30]} b6 {[%emt 0:00:42]} 28. Rag1 {[%emt 0:03:06]} Rdg8 {[%emt 0:02:38]} 29. g6 {[%emt 0:02:34]} Be8 {[%emt 0:00:57]} 30. Qd2 {[%emt 0:00:08]} Qb4 {[%emt 0:01:41]} 31. c3 {[%emt 0:00:31]} Qxb3 {[%emt 0:00:11]} 32. Ra1 {[%emt 0:00:38]} Rf8 {[%emt 0:01:51]} 33. Nc4 {[%emt 0:00:48]} c5 {[%emt 0:00:56]} 34. Rhb1 {[%emt 0:00:47]} Qxc4 {[%emt 0:00:10]} 35. dxc4 {[%emt 0:00:07]} Bc6 {[%emt 0:00:07]} 36. Qc2 {[%emt 0:02:25]} Rd8 {[%emt 0:01:08]} 37. Rd1 {[%emt 0:00:16]} Rxd1 {[%emt 0:03:01]} 38. Rxd1 {[%emt 0:00:05]} Rd8 {[%emt 0:01:10]} 39. Rd5 {[%emt 0:00:14]} Rd6 {[%emt 0:00:51]} 40. Qd1 {[%emt 0:02:24]} Bd7 {[%emt 0:00:31]} 41. Rxd6 {[%emt 0:00:13]} Bc6 {[%emt 0:00:35]} 42. Rd5 1-0